Score 0/20 Timer 06:00
0 Plays Today
% Correct
Brad Pitt
92.3%
Jack Black
91.2%
Tom Hanks
89.4%
George Clooney
87.5%
Mariah Carey
85.9%
Kanye West
84.9%
Jennifer Lopez
84.5%
John Travolta
82.4%
John Legend
81.8%
Bradley Cooper
77.7%
% Correct
Drew Barrymore
76.9%
Bill Murray
76.9%
Jamie Lee Curtis
72.5%
Sean Penn
72.5%
Kristen Stewart
70.2%
Judi Dench
69.3%
Rami Malek
67.3%
Joaquin Phoenix
62%
John Oliver
49.5%
Frances McDormand
23.5%
Remove Ads.
Support Sporcle.
Get the best of Sporcle when you Go Orange. This ad-free experience offers more features, more stats, and more fun while also helping to support Sporcle. Thank you for becoming a member.

You're not logged in!

Compare scores with friends on all Sporcle quizzes.
OR
Log In

Show Comments

Extras

Top Quizzes Today


Score Distribution

Your Account Isn't Verified!

In order to create a playlist on Sporcle, you need to verify the email address you used during registration. Go to your Sporcle Settings to finish the process.

Report this User

Report this user for behavior that violates our Community Guidelines.

Details: